| 000 | 00601nam a22001337a 4500 | ||
|---|---|---|---|
| 040 | _cRUA | ||
| 082 | _aAGR ORM 2012 B051 Or.1 | ||
| 100 | _aORM, SOKHOM. | ||
| 245 | _aEffect of potassium fertilizer on starch content of different cassava varieties ប្រសិទ្ធភាពជីប៉ូតាស្យូមទៅលើបរិមាណម្សៅនៃដំឡូងមីពូជខុសគ្នា | ||
| 260 |
_aPhnom Penh _bRUA _c2012 |
||
| 300 |
_aix; 44p. _bill. _c29cm. |
||
| 856 | _uhttps://drive.google.com/file/d/1eEgqtayxS0VyIqa2Z4WROuqSHZ2f0VsZ/view?usp=sharing | ||
| 942 | _cAGR | ||
| 999 |
_c1189 _d1189 |
||